000
00313 a2200157 4500
001
167627
020
_a
040
_c
Magnum
100
_a
Martins, Ibiapaba
240
1
0
_a
O homem sem nome
_l
por
245
1
0
_a
O homem sem nome
362
0
_a
1899
440
1
_a
Nacional
697
_a
IJ/CONTOS
942
_c
BK
999
_c
167627
_d
167627